[Event "The next great mini-tournament (1700-2100) "]
[Site "SchemingMind.com"]
[Date "2008.11.02"]
[Round "-"]
[White "mebalse"]
[Black "harmy"]
[Result "1-0"]
[WhiteCountry "URU"]
[BlackCountry "USA"]
[WhiteElo "1874"]
[WhiteRD "77"]
[BlackElo "1864"]
[BlackRD "88"]
[GameID "177241"]

1. d4 d5 2. Bf4 c5 3. dxc5 Nc6 4. Nf3 f6 5. Be3 e5 6. c3 Nh6 7. Bxh6 gxh6 8. b4 Bf5 9. e3 a5 10. Bb5 Kf7
11. Bxc6 bxc6 12. Nbd2 Bd3 13. Nb3 Bc4 14. Nfd2 Rg8 15. Qh5+ Ke7 16. Nxc4 dxc4 17. Rd1 Qc8 18. Nxa5
1-0

[Event "The next great mini-tournament (1700-2100) "]
[Site "SchemingMind.com"]
[Date "2008.11.02"]
[Round "-"]
[White "mebalse"]
[Black "ibukuno"]
[Result "0-1"]
[WhiteCountry "URU"]
[BlackCountry "NGR"]
[WhiteElo "1874"]
[WhiteRD "77"]
[BlackElo "1867"]
[BlackRD "74"]
[GameID "177242"]

1. Nf3 Nf6 2. d4 d5 3. Bg5 e6 4. e3 Be7 5. c4 Nc6 6. c5 Bd7 7. a3 a5 8. Nc3 b6 9. cxb6 cxb6 10. Bd3 h6
11. Bxf6 Bxf6 12. Qb3 O-O 13. Na4 Rb8 14. Bb5 Na7 15. Nc3 Nxb5 16. Nxb5 Rc8 17. a4 Qe7 18. Kd2 Rc4 19. Ne5 Bxe5 20. dxe5 Rb4
21. Qa3 Qg5 22. g3 Qxe5 23. Nc3 d4 24. exd4 Qxd4+ 25. Ke2 Bc6 26. Rhd1 Qg4+ 27. Ke1 Qf3 28. h4 Qh1+ 29. Kd2 Rd8+ 30. Kc2 Be4+
31. Kc1 Rxd1+ 32. Nxd1 Rc4+ 33. Kd2 Rd4+ 34. Ke3 Rd3+
0-1

[Event "The next great mini-tournament (1700-2100) "]
[Site "SchemingMind.com"]
[Date "2008.11.02"]
[Round "-"]
[White "mebalse"]
[Black "RIMA7000"]
[Result "0-1"]
[WhiteCountry "URU"]
[BlackCountry "PER"]
[WhiteElo "1853"]
[WhiteRD "75"]
[BlackElo "2075"]
[BlackRD "88"]
[GameID "177243"]

1. d4 d5 2. e3 Nf6 3. c4 c6 4. Qb3 e6 5. Nc3 Be7 6. Nf3 O-O 7. c5 b6 8. cxb6 axb6 9. Bd3 c5 10. dxc5 bxc5
11. Qc2 Nc6 12. Ng5 d4 13. Ne2 Nb4 14. Bxh7+ Kh8 15. Qb1 d3 16. Bxd3 Nxd3+ 17. Kf1 Nb4 18. Ke1 Ba6 19. b3 Bd3 20. Qb2 Bc2
0-1

[Event "The next great mini-tournament (1700-2100) "]
[Site "SchemingMind.com"]
[Date "2008.11.02"]
[Round "-"]
[White "mebalse"]
[Black "GBEDARD"]
[Result "0-1"]
[WhiteCountry "URU"]
[BlackCountry "USA"]
[WhiteElo "1874"]
[WhiteRD "77"]
[BlackElo "2060"]
[BlackRD "108"]
[GameID "177244"]

1. e4 d6 2. d4 Nf6 3. Bd3 e5 4. d5 Be7 5. c4 Na6 6. a3 Nc5 7. b4 Nxd3+ 8. Qxd3 O-O 9. Nc3 a5 10. b5 Nd7
11. Nge2 f5 12. f3 Nc5 13. Qc2 Bh4+ 14. g3 Bg5 15. h4 Bxc1 16. Rxc1 fxe4 17. fxe4 Qf6 18. Kd2 Bg4 19. Qb1 Qh6+ 20. Kc2 Rf2
21. Rce1 Qe3 22. Kd1 Na4
0-1

[Event "The next great mini-tournament (1700-2100) "]
[Site "SchemingMind.com"]
[Date "2008.11.02"]
[Round "-"]
[White "mebalse"]
[Black "aadaam"]
[Result "1-0"]
[WhiteCountry "URU"]
[BlackCountry "INT"]
[WhiteElo "1874"]
[WhiteRD "77"]
[BlackElo "1780"]
[BlackRD "44"]
[GameID "177245"]

1. d4 e6 2. Bf4 Nf6 3. c4 d5 4. c5 Nbd7 5. b4 Nh5 6. e3 Nxf4 7. exf4 Nf6 8. f3 Be7 9. Nc3 b6 10. Qa4+ Bd7
11. c6 Bc8 12. b5 Qd6 13. Nge2 Qb4 14. a3 Qxa4 15. Nxa4 a6 16. Nac3 O-O 17. a4 axb5 18. Nxb5 Bb4+ 19. Nec3 Ba6 20. Kf2 Bxc3
21. Nxc3 Ra7 22. Bxa6 Rxa6 23. Nb5 Rc8 24. g4 Ne8 25. Ke3 Rca8 26. Nc3 Nd6 27. Rhb1 Nc4+ 28. Kd3 Kf8 29. h4 Ke7 30. h5 Kd6
31. g5 Kxc6 32. f5 exf5 33. Re1 Kd7 34. Nxd5 Rxa4 35. Rxa4 Rxa4 36. Re7+ Kd6 37. Rxf7 Kxd5 38. Rxg7 Ra3+ 39. Ke2 Kxd4 40. Rxh7 b5
41. g6 Ra8 42. g7 Rg8 43. h6 b4 44. Rh8 b3 45. Rxg8 b2 46. Rd8+ Kc3 47. Rd1 Na3 48. g8=Q
1-0

[Event "The next great mini-tournament (1700-2100) "]
[Site "SchemingMind.com"]
[Date "2008.11.03"]
[Round "-"]
[White "keen"]
[Black "mebalse"]
[Result "0-1"]
[WhiteCountry "SCO"]
[BlackCountry "URU"]
[WhiteElo "1694"]
[WhiteRD "57"]
[BlackElo "1895"]
[BlackRD "75"]
[GameID "177246"]

1. d4 Nf6 2. e3 e6 3. Bd3 d5 4. Nd2 c5 5. c3 Qb6 6. f4 c4 7. Bc2 Nc6 8. Ngf3 Nd7 9. O-O f6 10. g4 e5
11. g5 e4 12. Nh4 g6 13. Nxc4 dxc4 14. Bxe4 f5 15. Nxf5 gxf5 16. Qh5+ Kd8 17. Bxf5 Ne7 18. Bxh7 Qe6 19. g6 Nf6 20. Qe5 Qxe5
21. fxe5 Nxh7 22. gxh7 Bf5 23. e4 Bxh7 24. Bg5 Bxe4 25. Rf7 Bd5 26. Raf1 Bxf7 27. Rxf7 Kd7 28. d5 Rg8 29. e6+ Kd6 30. h4 Nxd5
31. Rxb7 Kxe6 32. Kf1 Bc5
0-1

[Event "The next great mini-tournament (1700-2100) "]
[Site "SchemingMind.com"]
[Date "2008.11.03"]
[Round "-"]
[White "harmy"]
[Black "mebalse"]
[Result "1-0"]
[WhiteCountry "USA"]
[BlackCountry "URU"]
[WhiteElo "1894"]
[WhiteRD "82"]
[BlackElo "1895"]
[BlackRD "75"]
[GameID "177247"]

1. d4 e6 2. c4 c5 3. Nf3 Qb6 4. e3 Nf6 5. Nc3 d6 6. Bd3 Nc6 7. d5 Ne5 8. e4 g6 9. O-O Bg7 10. Na4 Qa6
11. Nxe5 dxe5 12. Nxc5 Qd6 13. Na4 exd5 14. cxd5 Bd7 15. Be3 b6 16. Nc3 O-O 17. h3 a6 18. Qb3 b5 19. a3 Rfb8 20. Rac1 b4
21. Na2 bxa3 22. Qxa3 Qxa3 23. bxa3 Rb3 24. Bc4 Rxa3 25. Bc5 Ra4 26. f3 Bb5 27. Bb3 Bxf1 28. Bxa4 Bb5 29. Bb3 Nd7 30. Bd6 Bh6
31. Rc7 Be3+ 32. Kh2 Bb6 33. Rb7 Ba5 34. Nb4 Bxb4 35. Bxb4 Rc8 36. d6 Kf8 37. Bd5 Rc2 38. Rc7 Rb2 39. Bc3 Rb1 40. f4 f6
41. Be6
1-0

[Event "The next great mini-tournament (1700-2100) "]
[Site "SchemingMind.com"]
[Date "2008.11.03"]
[Round "-"]
[White "ibukuno"]
[Black "mebalse"]
[Result "0-1"]
[WhiteCountry "NGR"]
[BlackCountry "URU"]
[WhiteElo "1840"]
[WhiteRD "73"]
[BlackElo "1895"]
[BlackRD "75"]
[GameID "177248"]

1. e4 e5 2. Nf3 Nc6 3. Bc4 d6 4. d3 Be6 5. Bxe6 fxe6 6. O-O Nf6 7. Bg5 h6 8. Bh4 g5 9. Bg3 g4 10. Nh4 Be7
11. Ng6 Rg8 12. Nxe7 Qxe7 13. Nc3 Nh5 14. Qd2 Nxg3 15. fxg3 O-O-O 16. Rf2 Rdf8 17. Raf1 h5 18. Qh6 Rxf2 19. Rxf2 Qg5 20. Qxe6+ Kb8
21. Ne2 Rc8 22. Qf5 Qd2 23. Nc3 Qc1+ 24. Rf1 Qxc2 25. Qxh5 Qxb2 26. Nd5 Qd4+ 27. Kh1 Qxd3 28. Re1 Rf8 29. Rg1 Qc2 30. Qxg4 Qxa2
31. h3 a5 32. Qg7 Rc8 33. Rf1 Nd4 34. Rf7 Qb1+ 35. Kh2 Ne2 36. h4 Qg1+ 37. Kh3 Qh1+ 38. Kg4 Qxg2 39. Rf3 Nd4 40. Rf8 Qxe4+
0-1

[Event "The next great mini-tournament (1700-2100) "]
[Site "SchemingMind.com"]
[Date "2008.11.03"]
[Round "-"]
[White "RIMA7000"]
[Black "mebalse"]
[Result "1-0"]
[WhiteCountry "PER"]
[BlackCountry "URU"]
[WhiteElo "2075"]
[WhiteRD "88"]
[BlackElo "1853"]
[BlackRD "75"]
[GameID "177249"]

1. e4 e5 2. Nf3 Nc6 3. Bb5 Bc5 4. c3 a6 5. Bxc6 dxc6 6. Nxe5 Qg5 7. O-O Qxe5 8. d4 Bxd4 9. cxd4 Qe7 10. Qb3 Nf6
11. Nc3 O-O 12. e5 Nd7 13. f4 b5 14. f5 Nb6 15. f6 Qe6 16. Qc2 g6 17. Qd2 Kh8 18. Qh6 Rg8 19. Ne4
1-0

[Event "The next great mini-tournament (1700-2100) "]
[Site "SchemingMind.com"]
[Date "2008.11.03"]
[Round "-"]
[White "GBEDARD"]
[Black "mebalse"]
[Result "1-0"]
[WhiteCountry "USA"]
[BlackCountry "URU"]
[WhiteElo "2041"]
[WhiteRD "104"]
[BlackElo "1895"]
[BlackRD "75"]
[GameID "177250"]

1. e4 e5 2. Nf3 Nc6 3. Bb5 Nf6 4. O-O Nd4 5. Nxd4 exd4 6. e5 Nd5 7. Qf3 Nb6 8. Qf4 a6 9. Be2 c5 10. Re1 d6
11. exd6 Be6 12. Bh5 g6 13. Rxe6+ fxe6 14. Qe5 Qd7 15. Bxg6+ hxg6 16. Qxh8 Qxd6 17. d3 O-O-O 18. Nd2 Be7 19. Qg7 e5 20. Ne4 Qe6
21. Bg5 Bxg5 22. Nxg5 Qf5 23. Nf7 Rd7 24. Qf8+ Kc7 25. Qxc5+ Kb8 26. Qxe5+ Qxe5 27. Nxe5 Rc7 28. Rc1 Na4 29. Nxg6 Nxb2 30. Nf4 b5
31. Ne2 b4 32. g4 a5 33. h4
1-0

[Event "The next great mini-tournament (1700-2100) "]
[Site "SchemingMind.com"]
[Date "2008.11.02"]
[Round "-"]
[White "aadaam"]
[Black "mebalse"]
[Result "1-0"]
[WhiteCountry "INT"]
[BlackCountry "URU"]
[WhiteElo "1780"]
[WhiteRD "44"]
[BlackElo "1874"]
[BlackRD "77"]
[GameID "177251"]

1. e4 e6 2. d4 d5 3. Nd2 c5 4. exd5 Qxd5 5. Ngf3 cxd4 6. Bc4 Qd6 7. O-O e5 8. Nxe5 Be6 9. Re1 Nc6 10. Nxf7 Kxf7
11. Bxe6+
1-0